000 00540nam a2200193Ia 4500
005 20250508160936.0
008 008 250505s9999 xx 000 0 eng d
037 _aTextual
040 _aFEDL
_beng
_cFEDL
041 _aeng
_2eng
084 _a370, SAF
_qFEDL
100 _aSafaya Raghunath
_984050
245 0 _aInnovations and latest trends in education
260 _aAmbala, India
_bThe Associated Publishers
_c1976
300 _a152p
650 _aEducation
942 _cTEXL
_h370, SAF
999 _c1367525
_d1367525